<?xml version="1.0" encoding="UTF-8"?>
<record
    xmlns:xsi="http://www.w3.org/2001/XMLSchema-instance"
    xsi:schemaLocation="http://www.loc.gov/MARC21/slim http://www.loc.gov/standards/marcxml/schema/MARC21slim.xsd"
    xmlns="http://www.loc.gov/MARC21/slim">

  <leader>00559nam a22001697a 4500</leader>
  <controlfield tag="008">220923b        |||||||| |||| 00| 0 eng d</controlfield>
  <datafield tag="020" ind1=" " ind2=" ">
    <subfield code="a">0830827114</subfield>
  </datafield>
  <datafield tag="050" ind1=" " ind2=" ">
    <subfield code="a">BV4509.5</subfield>
    <subfield code="b">.H54 2013 C.1</subfield>
  </datafield>
  <datafield tag="100" ind1=" " ind2=" ">
    <subfield code="a">Highfield, Ron</subfield>
  </datafield>
  <datafield tag="245" ind1=" " ind2=" ">
    <subfield code="a">God, freedom &amp; human dignity:</subfield>
    <subfield code="b">Embracing a God-centered identity in a me-centered culture/</subfield>
    <subfield code="c">Ron Highfield</subfield>
  </datafield>
  <datafield tag="260" ind1=" " ind2=" ">
    <subfield code="a">Dowers Grove, Illinois</subfield>
    <subfield code="b">IVP Academic</subfield>
    <subfield code="c">2012</subfield>
  </datafield>
  <datafield tag="300" ind1=" " ind2=" ">
    <subfield code="a">227p.</subfield>
  </datafield>
  <datafield tag="650" ind1=" " ind2=" ">
    <subfield code="a">Identity (psychology)</subfield>
    <subfield code="v">Religious aspects</subfield>
    <subfield code="x">Christianity</subfield>
  </datafield>
  <datafield tag="650" ind1=" " ind2=" ">
    <subfield code="a">Self (psychology)</subfield>
  </datafield>
  <datafield tag="650" ind1=" " ind2=" ">
    <subfield code="a">Self</subfield>
  </datafield>
  <datafield tag="942" ind1=" " ind2=" ">
    <subfield code="2">lcc</subfield>
    <subfield code="c">BK</subfield>
  </datafield>
  <datafield tag="999" ind1=" " ind2=" ">
    <subfield code="c">19552</subfield>
    <subfield code="d">19551</subfield>
  </datafield>
  <datafield tag="952" ind1=" " ind2=" ">
    <subfield code="0">0</subfield>
    <subfield code="1">0</subfield>
    <subfield code="2">lcc</subfield>
    <subfield code="7">0</subfield>
    <subfield code="a">KABU</subfield>
    <subfield code="b">KABU</subfield>
    <subfield code="d">2022-09-23</subfield>
    <subfield code="g">3728.00</subfield>
    <subfield code="i">2014/2022</subfield>
    <subfield code="l">0</subfield>
    <subfield code="o">BV4509.5 .H54 2013 C.1</subfield>
    <subfield code="p">032632</subfield>
    <subfield code="r">2022-09-23 00:00:00</subfield>
    <subfield code="t">C.1</subfield>
    <subfield code="w">2022-09-23</subfield>
    <subfield code="y">BK</subfield>
  </datafield>
</record>
